=LDR 00000nam 2200000 4500 =001 INLIS000000000019669 =005 20130612114711 =008 ***********************************Ind** =035 ##$$a0010-061300000019669 =041 ##$$a Ind =082 ##$$a 610.73 =090 ##$$a 610.73, Doe r =100 ##$$a Doenges, Marilynn E =245 ##$$a Rencana asuhan keperawatan, pedoman untuk perencanaan dan pendokumentasian perawatan pasien, Marymn E. Donges ; alih bahasa, I. Made Kariasa =260 ##$$a 2005 $b Jakarta =300 ##$$a xxviii, 1088 hlm, 27 cm =650 ##$$a Perawat dan keperawatan =850 ##$$a NBPNMAT =990 ##$$a 21195756/BPAP-NTB/2014